[Event "CAN-ch U18"]
[Site "Windsor"]
[Date "2015.07.09"]
[Round "7.3"]
[White "Leber, Andrew"]
[Black "Kalra, Agastya"]
[Result "0-1"]
[WhiteElo "1050"]
[BlackElo "2081"]
[PlyCount "80"]
[EventDate "2015.07.06"]
[EventType "tourn"]
[EventRounds "7"]
[EventCountry "CAN"]
[SourceTitle "EXT 2022"]
[Source "ChessBase"]
[SourceDate "2021.10.06"]
[SourceVersion "1"]
[SourceVersionDate "2021.10.06"]
[SourceQuality "1"]

1. e4 c5 2. Nf3 d6 3. d4 cxd4 4. Nxd4 Nf6 5. Nc3 g6 6. Bc4 Bg7 7. Be3 0-0 8. Qd2 Ng4 9. f3 Nxe3 10. Qxe3 Nc6 11. Nxc6 bxc6 12. 0-0-0 Qa5 13. g4 Be6 14. Bb3 Rab8 15. h4 Bxb3 16. axb3 Qa1+ 17. Kd2 Qxb2 18. Rb1 Qxc3+ 19. Qxc3 Bxc3+ 20. Kxc3 d5 21. exd5 cxd5 22. Ra1 Rb7 23. Ra5 Rc8+ 24. Kd3 Rbc7 25. Rh2 e6 26. Rf2 Kg7 27. g5 f6 28. f4 Kf7 29. Ra6 Rb8 30. Rf1 Rb4 31. Ra3 e5 32. fxe5 f5 33. Rfa1 Rxh4 34. Rxa7 Rxa7 35. Rxa7+ Ke6 36. c4 dxc4+ 37. bxc4 Kxe5 38. Ra5+ Kd6 39. Ra6+ Kc5 40. Ra7 Rh3+ 0-1